Geografía e Historia de España : libro destinado exclusivamente para los establecimientos de Primera enseñanza de Frechilla

Gespeichert in:
Bibliographische Detailangaben
1. Verfasser: Asenjo Guerra, Eustoquio
Format: Buch
Sprache:Spanisch
Erschienen: Palencia : Tipo-lit. de Alonso y Z. Menéndez, 1882
Katalog:MANES:  Suchergebnis im Bibliothekskatalog
Schulbuchspezifische Eigenschaften:
Tags: Tag hinzufügen
Keine Tags, Fügen Sie den ersten Tag hinzu!
Hinzugefügt zu:29.11.1999
Geändert in:07.05.2025

MARC

LEADER 00000cam a2200000#i 4500
005 20250507134529.0
008 000000s1882 esp f 000 0 spa d
040 |a uned  |b spa  |c entro-manes 
100 1 |a Asenjo Guerra, Eustoquio  |9 39905 
245 1 0 |a Geografía e Historia de España :   |b libro destinado exclusivamente para los establecimientos de Primera enseñanza de Frechilla /  |c escrito por Eustoquio Asenjo Guerra 
260 |a Palencia :   |b Tipo-lit. de Alonso y Z. Menéndez,   |c 1882 
300 |a 110 p. 
546 |a España 
561 |5 es-BUNED  |3 L.T. 2282  |a España. Fondo Manes UNED  |k MANES 
690 0 |a GEO  |a HI 
691 0 |a PRI 
942 |2 ddc  |c BK 
999 |c 96549  |d 96549 
999 |c manes:96549  |d 96549